Datum a čas kvízu
37.5
Celkem bodů
Celkový počet nahraných bodů na tomto kvízu bez doplňovacích otázek.
10.
Pořadí na kvízu
Konečné umístění týmu na tomto kvízu.
Zaznamenané odpovědi
| # | Otázka | Odpověď | Body | Výsledky |
|---|---|---|---|---|
| 1. | V sobotu začala v celé České r... | Suchej únor | 1 | |
| 2. | Velká Británie minulý týden de... | po 47 letech (42–52) | 1 | |
| 3. | Plzeňská kapela Mandrage v sob... | Vít Starý | 1 | |
| 4. | Česká pošta v lednu představil... | dvourychlostní doručování | 1 | |
| 5. | Opora pražské Slavie Tomáš Sou... | West Ham United | 1 | |
| 6. | Co všechno může být ztracené?... | Jantarová komnata | 0 | |
| 7. | Vzpomenete si na seriál Ztrace... | B | 1 | |
| 8. | "Ne každé zlato třpytívá se, n... | Bilbo Pytlík | 0 | |
| 9. | Jak se jmenuje rozsáhlá epická... | Ztracený ráj (Paradise Lost) | 1 | |
| 10. | Jako Zázrak v Andách se někdy... | ragby | 1 |